[Event "SK Weisse Dame - Schachfreunde II"]
[Site "Landesliga Hamburg 2019/20"]
[Date "2020.01.19"]
[Round "5.8"]
[White "Opasiak, Dustin Tennessee"]
[Black "Paulsen, Tino"]
[Result "1/2-1/2"]
[WhiteElo "1756"]
[BlackElo "1812"]
[PlyCount "101"]
[EventDate "2020.??.??"]

1. e4 c5 2. Nc3 e6 3. g3 Nc6 4. Bg2 g6 5. d3 Bg7 6. Nge2 Nge7 7. O-O O-O 8. Be3
b6 9. Qd2 Bb7 10. Rae1 Nd4 11. Nd1 d5 12. f3 Qd7 13. c3 Nxe2+ 14. Qxe2 Rad8 15.
Bg5 dxe4 16. dxe4 f6 17. Bc1 Qa4 18. b3 Qa6 19. Rf2 Qxe2 20. Rfxe2 Rd7 21. Rd2
Rxd2 22. Bxd2 Rd8 23. Be3 Nc6 24. f4 Ne7 25. Nf2 Kf7 26. Rd1 Rxd1+ 27. Nxd1 f5
28. exf5 Bxg2 29. fxg6+ hxg6 30. Kxg2 Nd5 31. Bd2 b5 32. Kf3 c4 33. h3 cxb3 34.
axb3 a5 35. c4 bxc4 36. bxc4 Nb6 37. Bxa5 Nxc4 38. Bb4 e5 39. Ne3 Nxe3 40. Kxe3
exf4+ 41. Kxf4 Bd4 42. g4 Bf6 43. Bd6 Bh4 44. Be5 Be7 45. Bd4 Bh4 46. g5 Be1
47. Kg4 Bd2 48. h4 Be1 49. h5 gxh5+ 50. Kxh5 Kg8 51. Kg6 1/2-1/2

[Event "SK Marmstorf - SC Königsspringer II"]
[Site "Landesliga Hamburg 2019/20"]
[Date "2020.01.19"]
[Round "5.2"]
[White "Hawellek, Jeronimo"]
[Black "Hloskovsky, Andrei"]
[Result "1-0"]
[WhiteElo "2253"]
[BlackElo "2071"]
[PlyCount "62"]
[EventDate "2020.??.??"]

1. d4 f5 2. g3 Nf6 3. Bg2 e6 4. Nf3 d5 5. c4 c6 6. O-O Bd6 7. b3 Qe7 8. Ne5 O-O
9. Qc2 b6 10. cxd5 cxd5 11. Nc4 Nc6 12. Nxd6 Qxd6 13. Qb2 Ba6 14. Bf4 Qb4 15.
Rd1 Nh5 16. a3 Qe7 17. Nc3 Nxf4 18. gxf4 Qh4 19. Qd2 Ne7 20. Qe3 Ng6 21. Qxe6+
Kh8 22. e3 Rad8 23. Qc6 Qh5 24. Qa4 Nh4 25. Qxa6 Qg6 26. Qf1 Rd6 27. f3 Qh5 28.
Ne2 Rh6 29. Ng3 Nxf3+ 30. Qxf3 Qxh2+ 31. Kf2 Rc6 1-0

[Event "SK Marmstorf - SC Königsspringer II"]
[Site "Landesliga Hamburg 2019/20"]
[Date "2020.01.19"]
[Round "5.3"]
[White "Conrad, Christian"]
[Black "Ramme, Christoph"]
[Result "0-1"]
[WhiteElo "2106"]
[BlackElo "2121"]
[PlyCount "30"]
[EventDate "2020.??.??"]

1. d4 e6 2. g3 Nf6 3. Nf3 d5 4. Bg2 Be7 5. O-O O-O 6. c4 dxc4 7. Qc2 a6 8. a4
Bd7 9. Qxc4 Bc6 10. Bg5 Bd5 11. Qc2 Be4 12. Qc1 a5 13. Nbd2 Bc6 14. Qc2 Nd5 15.
Bf6 Nxf6 0-1

[Event "SK Marmstorf - SC Königsspringer II"]
[Site "Landesliga Hamburg 2019/20"]
[Date "2020.01.19"]
[Round "5.4"]
[White "Mueller, Jan-Hendrik"]
[Black "Chin, Karin"]
[Result "1/2-1/2"]
[WhiteElo "2126"]
[BlackElo "2024"]
[PlyCount "93"]
[EventDate "2020.??.??"]

1. c4 Nf6 2. g3 g6 3. Bg2 Bg7 4. Nc3 d6 5. e4 c5 6. Nge2 Nc6 7. d3 O-O 8. a3
Bd7 9. Rb1 Qc8 10. h3 Nd4 11. Be3 e5 12. b4 b6 13. f4 Nh5 14. Bxd4 cxd4 15. Nd5
Kh8 16. g4 Nxf4 17. Nexf4 exf4 18. Nxf4 Qa6 19. Nd5 Rac8 20. a4 Be5 21. Rf1 h6
22. Qd2 Kg7 23. b5 Qb7 24. Kf2 Be6 25. Nb4 Qe7 26. Kg1 Qh4 27. Rf3 h5 28. gxh5
Qxh5 29. Rbf1 Rh8 30. Nc6 g5 31. Nxe5 dxe5 32. Rg3 f6 33. Qf2 Rh6 34. Qf3 Qh4
35. Kf2 Qf4 36. Ke2 Kf7 37. Qf2 Qxf2+ 38. Rxf2 Rch8 39. Rxg5 Bxh3 40. Bxh3 Rxh3
41. Rxe5 Re3+ 42. Kf1 Rxd3 43. Ref5 Rh1+ 44. Ke2 Re3+ 45. Kd2 Ra1 46. Rxf6+ Ke7
47. R2f5 1/2-1/2

[Event "SK Marmstorf - SC Königsspringer II"]
[Site "Landesliga Hamburg 2019/20"]
[Date "2020.01.19"]
[Round "5.5"]
[White "Wolter, Michael"]
[Black "Hohlbein, Michael"]
[Result "1-0"]
[WhiteElo "2160"]
[BlackElo "2074"]
[PlyCount "27"]
[EventDate "2020.??.??"]

1. d4 Nf6 2. Nf3 c5 3. e3 d6 4. dxc5 Qa5+ 5. Bd2 Qxc5 6. c4 g6 7. Nc3 Nc6 8. a3
Bg7 9. b4 Qf5 10. Be2 h5 11. O-O Ne4 12. Nxe4 Qxe4 13. Rc1 O-O 14. Bc3 1-0

[Event "SK Marmstorf - SC Königsspringer II"]
[Site "Landesliga Hamburg 2019/20"]
[Date "2020.01.19"]
[Round "5.6"]
[White "Diekmann, Jens"]
[Black "Schroeter, Baldur"]
[Result "1-0"]
[WhiteElo "2047"]
[BlackElo "2022"]
[PlyCount "59"]
[EventDate "2020.??.??"]

1. c4 e5 2. Nc3 Nc6 3. Nf3 g6 4. d4 exd4 5. Nd5 Bg7 6. Bg5 f6 7. Bf4 d6 8. Nxd4
Nge7 9. Nb5 Nxd5 10. cxd5 Ne5 11. Rc1 O-O 12. Nxc7 Rb8 13. Be3 b6 14. g3 Qe7
15. Bg2 Bb7 16. O-O Rfc8 17. Ne6 Bh8 18. Qa4 Ba8 19. Rfd1 Qd7 20. Qxd7 Nxd7 21.
Nd4 Re8 22. Rc7 Rb7 23. Rdc1 Nc5 24. Rxb7 Bxb7 25. Nb5 f5 26. Nxd6 Re7 27. b4
Bb2 28. Rc2 Na4 29. Nxb7 Rxb7 30. d6 1-0

[Event "SK Marmstorf - SC Königsspringer II"]
[Site "Landesliga Hamburg 2019/20"]
[Date "2020.01.19"]
[Round "5.7"]
[White "Goetz, Claus"]
[Black "Peschke, Matthias"]
[Result "0-1"]
[WhiteElo "1927"]
[BlackElo "2016"]
[PlyCount "66"]
[EventDate "2020.??.??"]

1. e4 Nf6 2. e5 Nd5 3. d4 d6 4. c4 Nb6 5. exd6 cxd6 6. Nc3 g6 7. Be3 Bg7 8. Rc1
O-O 9. b3 e5 10. dxe5 dxe5 11. Qxd8 Rxd8 12. c5 N6d7 13. Bc4 Nc6 14. Nf3 Na5
15. Be2 Nf8 16. Ne4 Ne6 17. Nd6 h6 18. O-O Nc6 19. Bc4 Rb8 20. Nd2 Bd7 21. f4
f5 22. fxe5 Nxe5 23. Bd5 Ng4 24. Bf4 Kh7 25. Nxb7 Rxb7 26. Bxb7 Nxc5 27. Bf3
Bd4+ 28. Kh1 Nf2+ 29. Rxf2 Bxf2 30. Bd6 Nd3 31. Rc7 Bb6 32. Rc2 Nf2+ 33. Kg1
Ne4+ 0-1

[Event "SK Marmstorf - SC Königsspringer II"]
[Site "Landesliga Hamburg 2019/20"]
[Date "2020.01.19"]
[Round "5.8"]
[White "Anderberg, Peter"]
[Black "Knops, Peter"]
[Result "1/2-1/2"]
[WhiteElo "2022"]
[BlackElo "1947"]
[PlyCount "86"]
[EventDate "2020.??.??"]

1. d4 d5 2. c4 c6 3. Nf3 Nf6 4. e3 Bf5 5. Nc3 e6 6. Bd3 Bxd3 7. Qxd3 Nbd7 8.
O-O Bb4 9. Bd2 a5 10. Rad1 O-O 11. Ne5 Qc7 12. Nxd7 Nxd7 13. e4 dxc4 14. Qxc4
Rac8 15. a3 Be7 16. Rc1 Qb8 17. Be3 b5 18. Qd3 Rfd8 19. Qe2 e5 20. d5 b4 21.
axb4 Bxb4 22. dxc6 Rxc6 23. Nd5 Rxc1 24. Rxc1 Qd6 25. Qc4 Qb8 26. f3 Nf8 27.
Bb6 Rxd5 28. exd5 Qxb6+ 29. Kh1 Bd6 30. b3 h6 31. Qc6 Qb4 32. h3 Kh7 33. Rc4
Qa3 34. Ra4 Qxb3 35. Rxa5 Qb4 36. Rb5 Qe1+ 37. Kh2 e4+ 38. Qxd6 exf3 39. Rb2 f2
40. Rxf2 Qxf2 41. Qxf8 Qf4+ 42. Kh1 Qf1+ 43. Kh2 Qf4+ 1/2-1/2

[Event "FC St. Pauli III - SK Johanneum Eppendo"]
[Site "Landesliga Hamburg 2019/20"]
[Date "2020.01.19"]
[Round "5.1"]
[White "Yakovich, Yuri"]
[Black "Kahlert, Thomas"]
[Result "1-0"]
[WhiteElo "2527"]
[BlackElo "2154"]
[PlyCount "81"]
[EventDate "2020.??.??"]

1. Nf3 Nf6 2. c4 d6 3. d4 Nbd7 4. Nc3 e5 5. e4 Be7 6. Be2 O-O 7. O-O c6 8. Be3
a6 9. d5 cxd5 10. cxd5 Ng4 11. Bd2 b5 12. b4 Nb6 13. a4 bxa4 14. Nxa4 Bd7 15.
Nc3 Qc8 16. Qb3 Qb7 17. Ra5 Rfb8 18. Qa2 Bc8 19. h3 Nf6 20. Ra1 Nbd7 21. b5 Nc5
22. bxa6 Qb3 23. a7 Qxa2 24. R1xa2 Rb7 25. Bb5 Bd8 26. R5a3 Nfxe4 27. Bc6 Nxc3
28. Bxb7 Ne2+ 29. Kf1 Bxb7 30. Kxe2 Bb6 31. Be3 Bxd5 32. Rb2 Bc7 33. Nxe5 f6
34. Nd3 Bc4 35. Bxc5 dxc5 36. Rc2 Bb5 37. Rxc5 Bxd3+ 38. Kxd3 Bb6 39. Kc4 h6
40. Ra6 Bxc5 41. Kxc5 1-0

[Event "FC St. Pauli III - SK Johanneum Eppendo"]
[Site "Landesliga Hamburg 2019/20"]
[Date "2020.01.19"]
[Round "5.2"]
[White "Breyther, Ruediger"]
[Black "von Gleich, Alexander"]
[Result "1-0"]
[WhiteElo "2238"]
[BlackElo "2341"]
[PlyCount "63"]
[EventDate "2020.??.??"]

1. e4 c5 2. Nf3 e6 3. d4 cxd4 4. Nxd4 a6 5. Nc3 d6 6. f4 b5 7. Bd3 Bb7 8. Qe2
Nf6 9. g4 b4 10. Na4 Nbd7 11. g5 Nc5 12. Nxc5 dxc5 13. Nxe6 fxe6 14. gxf6 Qxf6
15. Rg1 Be7 16. Rg4 Qd4 17. Qe3 Qd7 18. Bd2 h5 19. Rg3 Bh4 20. Qxc5 Bxg3+ 21.
hxg3 h4 22. Bxb4 h3 23. O-O-O Rc8 24. Qg5 Kf7 25. e5 Bd5 26. f5 Kg8 27. f6 h2
28. Be7 Qxe7 29. fxe7 h1=Q 30. Rxh1 Rxh1+ 31. Kd2 Rh6 32. Bxa6 1-0

[Event "FC St. Pauli III - SK Johanneum Eppendo"]
[Site "Landesliga Hamburg 2019/20"]
[Date "2020.01.19"]
[Round "5.3"]
[White "Schroeder, Christoph"]
[Black "zur Lage, Julian"]
[Result "1/2-1/2"]
[WhiteElo "2162"]
[BlackElo "2161"]
[PlyCount "81"]
[EventDate "2020.??.??"]

1. e4 c5 2. Nf3 Nc6 3. d4 cxd4 4. Nxd4 Nf6 5. Nc3 e5 6. Ndb5 d6 7. Bg5 a6 8.
Na3 b5 9. Nd5 Be7 10. Bxf6 Bxf6 11. c3 O-O 12. Nc2 Bg5 13. a4 bxa4 14. Rxa4 a5
15. Bc4 Rb8 16. b3 Kh8 17. O-O f5 18. exf5 Bxf5 19. Nce3 Bd7 20. Ra2 Bf4 21. g3
Bh6 22. Ng4 Bg5 23. h4 Qc8 24. f3 Bd8 25. Nge3 Be8 26. Qe2 Qb7 27. Kh2 Bf7 28.
Rd2 Be6 29. f4 Bxd5 30. Bxd5 exf4 31. Nf5 Qc7 32. Rxf4 Bf6 33. Rc4 Qd7 34. Be6
Qb7 35. Nxd6 Qb6 36. Re4 Bxc3 37. Nf7+ Kg8 38. Nh6+ Kh8 39. Nf7+ Kg8 40. Ne5+
Kh8 41. Nf7+ 1/2-1/2

[Event "FC St. Pauli III - SK Johanneum Eppendo"]
[Site "Landesliga Hamburg 2019/20"]
[Date "2020.01.19"]
[Round "5.5"]
[White "Behrhorst, Frank"]
[Black "Wronn, Bernd"]
[Result "1/2-1/2"]
[WhiteElo "2234"]
[BlackElo "2161"]
[PlyCount "148"]
[EventDate "2020.??.??"]

1. d4 d5 2. Nf3 e6 3. c4 c6 4. cxd5 exd5 5. Qc2 Nf6 6. Nc3 Bd6 7. Bg5 O-O 8. e3
h6 9. Bh4 Nbd7 10. Bd3 Re8 11. O-O g5 12. Bg3 Qe7 13. Bxd6 Qxd6 14. Rfe1 Nf8
15. Rab1 Be6 16. b4 Rac8 17. Qb2 N8d7 18. b5 c5 19. dxc5 Nxc5 20. Be2 Nfe4 21.
Nd4 Nxc3 22. Qxc3 Na4 23. Qb4 Qxb4 24. Rxb4 Nc3 25. Rb2 Rc5 26. Bd3 Rec8 27.
Kf1 Bd7 28. Rc1 b6 29. Ke1 Kf8 30. a3 Na4 31. Rbc2 Nb2 32. Kd2 Nxd3 33. Kxd3
Ke7 34. Rc3 Kd6 35. a4 a6 36. bxa6 Bxa4 37. a7 Bd7 38. Nb3 Rxc3+ 39. Rxc3 Ra8
40. Nd4 Rxa7 41. Rb3 Ra6 42. Rb2 Ra3+ 43. Ke2 Kc7 44. Nc2 Ra5 45. Nd4 h5 46.
Kd2 Ra1 47. Nf3 f6 48. h3 Rh1 49. Ne1 Rh2 50. Rb4 Bxh3 51. gxh3 Rxf2+ 52. Kd3
Rh2 53. Ra4 Kb7 54. Nc2 Rxh3 55. Nd4 g4 56. Ra1 Rh2 57. Rf1 h4 58. Rxf6 h3 59.
Ne2 Rg2 60. Rh6 b5 61. Nf4 b4 62. Nxh3 gxh3 63. Rxh3 Kc6 64. Rh8 Rb2 65. Rb8
Kc7 66. Rb5 Kd6 67. Rb8 Kc6 68. e4 dxe4+ 69. Kxe4 Kc5 70. Kd3 Rh2 71. Rb7 Rh3+
72. Kc2 Rc3+ 73. Kb2 Rh3 74. Rb8 Rh2+ 1/2-1/2

[Event "FC St. Pauli III - SK Johanneum Eppendo"]
[Site "Landesliga Hamburg 2019/20"]
[Date "2020.01.19"]
[Round "5.6"]
[White "Grote, Dirk"]
[Black "Wenzel, Birger"]
[Result "0-1"]
[WhiteElo "2057"]
[BlackElo "2059"]
[PlyCount "58"]
[EventDate "2020.??.??"]

1. d4 Nf6 2. c4 e6 3. Nf3 b6 4. a3 Bb7 5. Nc3 d5 6. cxd5 Nxd5 7. Qc2 Nxc3 8.
bxc3 Be7 9. e4 O-O 10. Bd3 c5 11. O-O Qc7 12. Qe2 Nd7 13. e5 Rfd8 14. Be3 Rac8
15. Ng5 h6 16. Ne4 cxd4 17. cxd4 Nf8 18. h4 Qc6 19. h5 Nh7 20. Qg4 Ng5 21. f3
Qa4 22. Nxg5 Bxg5 23. f4 Rxd4 24. Bxd4 Qxd4+ 25. Kh2 Qxd3 26. fxg5 Rc2 27. Rg1
Rc4 28. Qg3 Qe2 29. Qh3 Qxe5+ 0-1

[Event "FC St. Pauli III - SK Johanneum Eppendo"]
[Site "Landesliga Hamburg 2019/20"]
[Date "2020.01.19"]
[Round "5.7"]
[White "Keyser, Robin"]
[Black "David, Torsten"]
[Result "1-0"]
[WhiteElo "2057"]
[BlackElo "2081"]
[PlyCount "85"]
[EventDate "2020.??.??"]

1. d4 Nf6 2. c4 e6 3. g3 Bb4+ 4. Bd2 Qe7 5. Nf3 Nc6 6. Nc3 O-O 7. Bg2 Bxc3 8.
Bxc3 Ne4 9. Qd3 Nxc3 10. Qxc3 d6 11. O-O e5 12. d5 Nb8 13. b4 a5 14. a3 Bg4 15.
c5 Na6 16. Rfc1 Bxf3 17. exf3 f5 18. Bf1 Rfb8 19. Rab1 Qd8 20. Rc2 Kh8 21. Bd3
axb4 22. axb4 dxc5 23. bxc5 Qxd5 24. Bxf5 c6 25. Qe3 Qf7 26. Qe4 Qh5 27. g4 Qh4
28. Qxe5 Re8 29. Qc3 Qe7 30. Bd3 Rad8 31. Kg2 Nxc5 32. Qxc5 Rxd3 33. Qxe7 Rxe7
34. Rxc6 h6 35. Rcb6 Rf7 36. R1b3 Rxb3 37. Rxb3 g5 38. Kg3 Kg7 39. Rb6 Kh7 40.
f4 gxf4+ 41. Kf3 Kg7 42. h4 Kh7 43. Rb4 1-0

[Event "FC St. Pauli III - SK Johanneum Eppendo"]
[Site "Landesliga Hamburg 2019/20"]
[Date "2020.01.19"]
[Round "5.8"]
[White "Knecht, Guntram"]
[Black "Schueler, Hendrik"]
[Result "0-1"]
[WhiteElo "2018"]
[BlackElo "2063"]
[PlyCount "60"]
[EventDate "2020.??.??"]

1. e4 e6 2. d3 d5 3. Nd2 Nc6 4. Ngf3 Nf6 5. g3 dxe4 6. dxe4 Bc5 7. Bg2 e5 8.
O-O O-O 9. c3 a5 10. Qe2 b6 11. Nc4 Ba6 12. a4 Ne8 13. Nfd2 Nd6 14. Kh1 Qe7 15.
f4 Rad8 16. b3 Nxc4 17. Nxc4 Rd6 18. Qg4 Bxc4 19. bxc4 Rfd8 20. h4 Rd3 21. h5
Qd7 22. f5 f6 23. h6 Kh8 24. Bf3 Qf7 25. Qh4 Be7 26. Be2 Rxc3 27. Kg2 Rc2 28.
hxg7+ Kg8 29. Bh6 Rxe2+ 30. Kf3 Nd4+ 0-1

[Event "FC St. Pauli II - SK Union Eimsbüttel"]
[Site "Landesliga Hamburg 2019/20"]
[Date "2020.01.19"]
[Round "5.1"]
[White "Voigt, Gerrit"]
[Black "Trisic, Aleksandar"]
[Result "0-1"]
[WhiteElo "2147"]
[BlackElo "2334"]
[PlyCount "104"]
[EventDate "2020.??.??"]

1. e4 c5 2. Nf3 d6 3. Bb5+ Bd7 4. Bxd7+ Qxd7 5. c4 Nc6 6. d4 cxd4 7. Nxd4 Nf6
8. Nc3 g6 9. b3 Bg7 10. Bb2 O-O 11. O-O Rfe8 12. Re1 e6 13. Rc1 Rad8 14. Ncb5
a6 15. Nxc6 Qxc6 16. Nd4 Qd7 17. Nf3 Qc6 18. Nd4 Qb6 19. Qf3 Nd7 20. Rcd1 h5
21. Ba1 Qc5 22. Nc2 Ne5 23. Qe3 Qa5 24. a3 b5 25. Bd4 Ng4 26. Qd2 Qxd2 27. Rxd2
bxc4 28. bxc4 Ne5 29. Ne3 Rc8 30. f3 Bh6 31. Bxe5 dxe5 32. Rd6 a5 33. Ra6 Rc5
34. Kf2 Rb8 35. Re2 Rb3 36. Nc2 Rc3 37. Ra8+ Kg7 38. Ne1 Rxa3 39. Rb2 Rxc4 40.
Nc2 Rac3 41. Na1 Ra3 42. Nc2 Rac3 43. Na1 Be3+ 44. Kg3 Rb4 45. Rxb4 axb4 46.
Rb8 Bc5 47. h3 f5 48. exf5 exf5 49. Rb5 f4+ 50. Kh2 Rc1 51. Nb3 Bg1+ 52. Kh1
Rd1 0-1

[Event "FC St. Pauli II - SK Union Eimsbüttel"]
[Site "Landesliga Hamburg 2019/20"]
[Date "2020.01.19"]
[Round "5.2"]
[White "Jahncke, Giso"]
[Black "Henrich, Holger"]
[Result "1/2-1/2"]
[WhiteElo "2313"]
[BlackElo "2151"]
[PlyCount "88"]
[EventDate "2020.??.??"]

1. c4 e5 2. Nf3 e4 3. Nd4 Nc6 4. Nc2 Nf6 5. Nc3 g6 6. g3 Ne5 7. Ne3 c6 8. Qb3
b5 9. Bg2 bxc4 10. Nxc4 Nxc4 11. Qxc4 d5 12. Qxc6+ Bd7 13. Qa6 Bc5 14. d3 Rb8
15. dxe4 d4 16. Bg5 dxc3 17. Qxf6 Qxf6 18. Bxf6 cxb2 19. Rb1 O-O 20. Rxb2 Bb4+
21. Rxb4 Rxb4 22. O-O Rfb8 23. f4 Rb1 24. Rxb1 Rxb1+ 25. Kf2 Rb6 26. Be7 Bc6
27. Bf3 Rb2 28. a3 f5 29. exf5 Bxf3 30. Kxf3 gxf5 31. h3 Rb3+ 32. e3 h5 33. Bc5
a5 34. a4 Rb1 35. g4 hxg4+ 36. hxg4 fxg4+ 37. Kxg4 Ra1 38. e4 Rxa4 39. e5 Kf7
40. Kg5 Rc4 41. Bd6 a4 42. f5 Re4 43. e6+ Rxe6 44. fxe6+ Kxe6 1/2-1/2

[Event "FC St. Pauli II - SK Union Eimsbüttel"]
[Site "Landesliga Hamburg 2019/20"]
[Date "2020.01.19"]
[Round "5.3"]
[White "Foerster, Andreas"]
[Black "Perez De Miguel, Alvaro"]
[Result "1/2-1/2"]
[WhiteElo "2183"]
[BlackElo "2289"]
[PlyCount "63"]
[EventDate "2020.??.??"]

1. d4 Nf6 2. c4 e6 3. Nc3 d5 4. Bf4 dxc4 5. Qa4+ c6 6. Qxc4 b5 7. Qd3 Bb7 8.
Nf3 Nbd7 9. g3 a6 10. Bg2 c5 11. O-O Qb6 12. Be3 Be7 13. a4 b4 14. a5 Qc7 15.
Bf4 c4 16. Qc2 Qc8 17. Nb1 Nd5 18. Bg5 b3 19. Qc1 f6 20. Bd2 Qc6 21. Qe1 O-O
22. e4 Nc7 23. Bb4 Bxb4 24. Qxb4 Qb5 25. Qe1 Rac8 26. Na3 Qa4 27. Nc2 Qb5 28.
Na3 Qa4 29. Qe2 Ne8 30. Bh3 f5 31. exf5 exf5 32. Bg2 1/2-1/2

[Event "FC St. Pauli II - SK Union Eimsbüttel"]
[Site "Landesliga Hamburg 2019/20"]
[Date "2020.01.19"]
[Round "5.4"]
[White "Stenner, Patrick"]
[Black "Adloff, Ralf"]
[Result "1-0"]
[WhiteElo "2259"]
[BlackElo "2094"]
[PlyCount "65"]
[EventDate "2020.??.??"]

1. e4 d6 2. d4 Nf6 3. Nc3 e5 4. Nge2 c6 5. a4 h5 6. h3 Be7 7. g3 Nbd7 8. Bg2 b6
9. O-O Bb7 10. Be3 a6 11. d5 b5 12. dxc6 Bxc6 13. axb5 axb5 14. Qd3 b4 15. Nd5
Bxd5 16. exd5 O-O 17. Qc4 Qc8 18. Qc6 Qb8 19. Rxa8 Qxa8 20. g4 hxg4 21. hxg4
Rc8 22. Qxa8 Rxa8 23. g5 Nh7 24. g6 fxg6 25. Bh3 Ndf8 26. f4 exf4 27. Bxf4 Ra5
28. Bg2 g5 29. Bg3 Ng6 30. Nd4 Bf6 31. Nc6 Rc5 32. Bxd6 Rxc2 33. Be4 1-0

[Event "FC St. Pauli II - SK Union Eimsbüttel"]
[Site "Landesliga Hamburg 2019/20"]
[Date "2020.01.19"]
[Round "5.5"]
[White "Franke, Lutz"]
[Black "Priebe, Jan"]
[Result "1/2-1/2"]
[WhiteElo "2163"]
[BlackElo "2200"]
[PlyCount "105"]
[EventDate "2020.??.??"]

1. d4 Nf6 2. c4 g6 3. Nc3 Bg7 4. e4 d6 5. Be2 O-O 6. Nf3 e5 7. d5 a5 8. Bg5 h6
9. Be3 Ne8 10. h3 f5 11. exf5 gxf5 12. g4 e4 13. Nh2 f4 14. Bd4 Nf6 15. Qd2 Na6
16. Qxf4 Nxd5 17. Qxe4 Nc5 18. Qg6 Nf6 19. Nd5 Ncd7 20. g5 Qe8 21. Qxe8 Nxe8
22. Bxg7 Kxg7 23. gxh6+ Kxh6 24. Ng4+ Kg7 25. O-O-O c6 26. Nde3 Ndf6 27. Nxf6
Rxf6 28. Rh2 Nc7 29. Rg1+ Rg6 30. Rg3 Be6 31. Bd3 Rxg3 32. fxg3 Rf8 33. Kd2 d5
34. cxd5 Nxd5 35. Nxd5 Bxd5 36. a3 Rf3 37. g4 c5 38. h4 c4 39. Bf5 b5 40. Bc2
Rg3 41. g5 b4 42. h5 Rxg5 43. h6+ Kh8 44. Rf2 Bg8 45. axb4 axb4 46. Ke3 Bh7 47.
Bd1 Bg6 48. Kd4 c3 49. b3 Rg1 50. Bc2 Bxc2 51. Rxc2 Kh7 52. Kc5 Rg4 53. Rh2
1/2-1/2

[Event "FC St. Pauli II - SK Union Eimsbüttel"]
[Site "Landesliga Hamburg 2019/20"]
[Date "2020.01.19"]
[Round "5.6"]
[White "Schuetze, Michael"]
[Black "Leonardi, Karlheinz"]
[Result "1/2-1/2"]
[WhiteElo "2192"]
[BlackElo "2098"]
[PlyCount "63"]
[EventDate "2020.??.??"]

1. Nf3 d5 2. g3 c6 3. Bg2 Bg4 4. O-O Nd7 5. d3 Ngf6 6. Nbd2 g6 7. Qe1 Bg7 8. e4
dxe4 9. dxe4 e5 10. Nc4 Bxf3 11. Bxf3 O-O 12. Be3 Qc7 13. a4 Nb6 14. Qa5 Nfd7
15. Rad1 Qb8 16. Nxb6 axb6 17. Qb4 Qc7 18. Rd3 Nc5 19. Ra3 Ra5 20. Rd1 Re8 21.
Qc4 Ne6 22. b4 Raa8 23. c3 Bf8 24. Bg4 h5 25. Bh3 Kh7 26. f3 Bh6 27. Bf2 Bf8
28. Rda1 c5 29. b5 Rad8 30. a5 bxa5 31. Rxa5 Kg8 32. Be3 1/2-1/2

[Event "FC St. Pauli II - SK Union Eimsbüttel"]
[Site "Landesliga Hamburg 2019/20"]
[Date "2020.01.19"]
[Round "5.7"]
[White "Jarnuczak, Detlev"]
[Black "Richter, Maik"]
[Result "0-1"]
[WhiteElo "1969"]
[BlackElo "2145"]
[PlyCount "56"]
[EventDate "2020.??.??"]

1. d4 f5 2. Nf3 Nf6 3. g3 d6 4. Bg2 g6 5. c4 Bg7 6. Nc3 O-O 7. O-O Qe8 8. Re1
Qf7 9. Qd3 Nc6 10. Ng5 Qe8 11. Nb5 Qd8 12. e3 a6 13. Nc3 h6 14. Nf3 e5 15. dxe5
dxe5 16. Qxd8 Rxd8 17. Nd2 Nb4 18. Rd1 e4 19. f3 Nc2 20. Rb1 Nxe3 21. Re1 Nxg2
22. Kxg2 exf3+ 23. Nxf3 b6 24. Ne5 Bb7+ 25. Kf1 Ne4 26. Nxg6 Kf7 27. Nh4 Nxc3
28. bxc3 Be4 0-1

[Event "FC St. Pauli II - SK Union Eimsbüttel"]
[Site "Landesliga Hamburg 2019/20"]
[Date "2020.01.19"]
[Round "5.8"]
[White "Mitscherling, Andreas"]
[Black "Nielsen, Joerg"]
[Result "1-0"]
[WhiteElo "2200"]
[BlackElo "1985"]
[PlyCount "101"]
[EventDate "2020.??.??"]

1. d4 Nf6 2. Bf4 g6 3. e3 Bg7 4. Nf3 d6 5. h3 O-O 6. Be2 Nfd7 7. Nc3 e5 8. dxe5
dxe5 9. Bh2 a6 10. O-O Nc6 11. Rb1 Rb8 12. Nd5 Ne7 13. c4 Nxd5 14. cxd5 Re8 15.
Qc2 Bf8 16. e4 Bd6 17. Bg3 Qe7 18. Nd2 Nb6 19. Bd3 Bd7 20. Kh1 Rec8 21. f4 Bb5
22. Bxb5 axb5 23. f5 f6 24. Qb3 b4 25. fxg6 hxg6 26. Rf3 Rf8 27. Rbf1 Qg7 28.
Bf2 Nd7 29. Nc4 Bc5 30. Be1 Kh7 31. Bxb4 b6 32. Bxc5 Nxc5 33. Qc2 Nd7 34. b4
Qe7 35. Qb3 Kg7 36. Ne3 Kh7 37. a4 Ra8 38. Rg3 Rg8 39. Rg4 Rh8 40. Rf3 Qf7 41.
Rfg3 Nf8 42. Rf3 Kg8 43. Qc2 Rd8 44. Qc6 Rd6 45. Qa8 Rh5 46. a5 bxa5 47. bxa5
Kh7 48. Nc4 Rd7 49. Qc6 Kg7 50. a6 Rd8 51. a7 1-0

[Event "TV Fischbek - Hamburger SK IV"]
[Site "Landesliga Hamburg 2019/20"]
[Date "2020.01.19"]
[Round "5.1"]
[White "Weihrauch, Jakob"]
[Black "de Voogt, Juergen"]
[Result "1/2-1/2"]
[WhiteElo "2218"]
[BlackElo "2221"]
[PlyCount "45"]
[EventDate "2020.??.??"]

1. e4 c5 2. Nf3 e6 3. d4 cxd4 4. Nxd4 a6 5. Nc3 Qc7 6. f4 Bb4 7. Bd2 Nf6 8. Bd3
d6 9. g4 e5 10. Nf5 Bxf5 11. gxf5 Nbd7 12. Qf3 O-O-O 13. O-O-O exf4 14. Qxf4
Ne5 15. Kb1 d5 16. exd5 Nxd5 17. Nxd5 Bxd2 18. Qe4 Qd6 19. Bc4 Bg5 20. Nc3 Qc7
21. Nd5 Qd6 22. Nc3 Qc7 23. Nd5 {(=)} 1/2-1/2

[Event "TV Fischbek - Hamburger SK IV"]
[Site "Landesliga Hamburg 2019/20"]
[Date "2020.01.19"]
[Round "5.2"]
[White "Kneip, Jakob"]
[Black "Frackowiak, Oliver"]
[Result "1/2-1/2"]
[WhiteElo "2087"]
[BlackElo "2166"]
[PlyCount "58"]
[EventDate "2020.??.??"]

1. e4 c5 2. Nf3 e6 3. d4 cxd4 4. Nxd4 Nf6 5. Nc3 Nc6 6. Ndb5 Bc5 7. Nd6+ Ke7 8.
Bf4 e5 9. Nf5+ Kf8 10. Bg5 d6 11. Bd3 Be6 12. Nd5 Bxd5 13. exd5 Nb4 14. O-O
Nbxd5 15. c4 Nc7 16. Qd2 h6 17. Bxf6 Qxf6 18. b4 Bd4 19. Nxd4 exd4 20. Be4 Rb8
21. Rad1 Ne6 22. f4 b5 23. f5 Ng5 24. Qxd4 Nxe4 25. Qxe4 Kg8 26. cxb5 Kh7 27.
Qd4 Qxd4+ 28. Rxd4 Rxb5 29. Rxd6 a5 {(=)} 1/2-1/2

[Event "TV Fischbek - Hamburger SK IV"]
[Site "Landesliga Hamburg 2019/20"]
[Date "2020.01.19"]
[Round "5.3"]
[White "Meier, David Geffrey"]
[Black "Brandt, Carina"]
[Result "1-0"]
[WhiteElo "2121"]
[BlackElo "2053"]
[PlyCount "73"]
[EventDate "2020.??.??"]

1. d4 Nf6 2. Nf3 g6 3. c4 Bg7 4. Nc3 O-O 5. e4 d6 6. h3 Nbd7 7. Bd3 e5 8. d5
Ne8 9. g4 f5 10. gxf5 gxf5 11. Bg5 Bf6 12. Rg1 Kh8 13. exf5 Nc5 14. Bc2 e4 15.
Bxf6+ Qxf6 16. Nd4 Bxf5 17. Nxf5 Qxf5 18. Qd4+ Nf6 19. O-O-O Rae8 20. Rg3 Re5
21. Rdg1 Rg8 22. Rxg8+ Nxg8 23. b4 Nd7 24. Bxe4 Qf4+ 25. Kc2 Ngf6 26. f3 c5 27.
dxc6 bxc6 28. Rd1 Rg5 29. Qxd6 Rg2+ 30. Kb3 Ne5 31. Qb8+ Kg7 32. Qxa7+ Kh6 33.
Rd6 Kh5 34. Qe7 Rb2+ 35. Ka4 Nxe4 36. Qxh7+ Kg5 37. Nxe4+ 1-0

[Event "TV Fischbek - Hamburger SK IV"]
[Site "Landesliga Hamburg 2019/20"]
[Date "2020.01.19"]
[Round "5.4"]
[White "Schneider, Alexander"]
[Black "Juergens, Bernhard"]
[Result "0-1"]
[WhiteElo "2086"]
[BlackElo "2147"]
[PlyCount "50"]
[EventDate "2020.??.??"]

1. e4 e6 2. d4 d5 3. Nc3 Bb4 4. e5 Ne7 5. a3 Bxc3+ 6. bxc3 c5 7. Qg4 Kf8 8. h4
Qa5 9. Bd2 Qa4 10. Ra2 Nbc6 11. Nf3 b6 12. Qf4 Ba6 13. Ng5 Nd8 14. Bxa6 Qxa6
15. Rh3 h6 16. Nxf7 Nxf7 17. Rf3 Nf5 18. g4 g5 19. Qh2 Nxh4 20. Rf6 Qb5 21. Ra1
Qb2 22. Rc1 cxd4 23. c4 Qxa3 24. Qh1 Kg7 25. Rxe6 Qf3 0-1